Statistiques concernant Culture Générale - Série 459

Cliquez ici pour prendre le quiz!

Statistiques générales

  • Ce quiz a été pris 124 fois
  • Le résultat moyen est 3 sur 10

Statistiques - réponses

QuestionRéponse% Correct
Quelle héroïne chantée par Chantal Goya porte le même nom qu'un échassier ?Bécassine
78%
Quel personnage de dessin animé se déguise en échassier pour participer à un concours de tir à l'arc ?Robin des bois
52%
Dans une fable de La Fontaine, quel animal invite une cigogne à manger de la soupe dans une assiette ?renard
49%
Quel nom désigne un jeune héron ?héronneau
36%
Quel échassier tire son nom de la forme en cuillère de l'extrémité de son bec ?spatule
30%
Quels échassiers peut‐on voir s'envoler au générique de la série "Deux Flics à Miami" ?flamants roses
25%
Quel animateur québécois a piégé Elsa et Amanda Lear dans "Surprise sur prise" ?Marcel Béliveau
23%
Selon la recommandation officielle, quel mot anglais doit‐on remplacer par "canular" pour désigner une fausse information propagée par courrier électronique ?Hoax
16%
Qui concluait ses canulars téléphoniques à la radio par la formule "Bonjour chez vous" ?Francis Blanche
12%
Quel échassier d'Afrique est appelé cigogne à sac en raison de son jabot ?marabout
10%

Distribution des résultats

Percentile par nombre de réponses

% des personnes avec chaque résultat

Votre développement - résultats

Vous n’avez pas pris ce quiz